<?xml version="1.0" encoding="UTF-8"?>
<record
    xmlns:xsi="http://www.w3.org/2001/XMLSchema-instance"
    xsi:schemaLocation="http://www.loc.gov/MARC21/slim http://www.loc.gov/standards/marcxml/schema/MARC21slim.xsd"
    xmlns="http://www.loc.gov/MARC21/slim">

  <leader>00779nam a22001937a 4500</leader>
  <controlfield tag="003">BPK</controlfield>
  <controlfield tag="005">20160229125108.0</controlfield>
  <controlfield tag="008">160229b1970    pl ||||| |||| 00| 0 pol  </controlfield>
  <datafield tag="040" ind1=" " ind2=" ">
    <subfield code="c">BPK</subfield>
  </datafield>
  <datafield tag="080" ind1=" " ind2=" ">
    <subfield code="a">929-051</subfield>
  </datafield>
  <datafield tag="100" ind1=" " ind2=" ">
    <subfield code="a">G&#x141;OWACKI, Zbigniew.</subfield>
    <subfield code="d">1970-1973 ; 1981-1982.</subfield>
    <subfield code="b">Wy&#x17C;sza Szko&#x142;a In&#x17C;ynierska w Koszalinie - Studium Nauk Spo&#x142;eczno-Politycznych</subfield>
  </datafield>
  <datafield tag="245" ind1=" " ind2=" ">
    <subfield code="a">Lata pionierskiego trudu. Wyb&#xF3;r wspomnie&#x144; mieszka&#x144;c&#xF3;w Ziemi Koszli&#x144;skiej /</subfield>
    <subfield code="c">wyb&#xF3;r i oprac. Zbigniew G&#x142;owacki i J&#xF3;zef Narkowicz.</subfield>
  </datafield>
  <datafield tag="260" ind1=" " ind2=" ">
    <subfield code="a">Koszalin :</subfield>
    <subfield code="b">Koszali&#x144;skie Towarzystwo Spo&#x142;eczno-Kulturalne,</subfield>
    <subfield code="c">1970.</subfield>
  </datafield>
  <datafield tag="300" ind1=" " ind2=" ">
    <subfield code="a">373 s.</subfield>
  </datafield>
  <datafield tag="500" ind1=" " ind2=" ">
    <subfield code="a">Dane z kartoteki bpp.</subfield>
  </datafield>
  <datafield tag="650" ind1=" " ind2=" ">
    <subfield code="a">Pami&#x119;tniki.</subfield>
  </datafield>
  <datafield tag="650" ind1=" " ind2=" ">
    <subfield code="a">Koszalin (woj. zachodniopomorskie ; okr&#x119;g) - ludno&#x15B;&#x107;.</subfield>
  </datafield>
  <datafield tag="942" ind1=" " ind2=" ">
    <subfield code="c">KS</subfield>
    <subfield code="2">UKD</subfield>
  </datafield>
  <datafield tag="999" ind1=" " ind2=" ">
    <subfield code="c">7396</subfield>
    <subfield code="d">7396</subfield>
  </datafield>
</record>
